00646nam a2200193 a 450000100100000000500170001000800410002702000150006804000250008308200160010810000310012424500610015526000510021630000210026749000130028883000200030195201140032199900170043500003548020200930074355.0111101s1979 sp 000 0 spa d a8425603544 aDO-SdBNPbspacBNPHU axxxxbC718c1 aColomer, Alberto G.96135310aComo hacer promoción de ventas. /cAlberto G. Colomer. aMadrid :bIberico Europea de ediciones,c1979. a165 p. ;c22 cm.1 aComo...? 0aComo...?961354 001050718MOaGRbGRcCTd2011-11-01iLF1l0oxxxx C718cp35480-10r2020-06-25w2020-06-25y1ZNo se presta c34971d34971